000 01154nam a2200217 i 4500
001 160698
003 ES-MaACL
005 20250930063140.0
008 010717s1764 sp |||| | spa d
100 1 _aNifo, Francisco Mariano,
_d1719-1803
_9130493
245 1 3 _aLa nación española defendida de los insultos del pensador y sus secuaces
_b: en este escrito se manifiesta con testimonios franceses, que las comedias de España, además de originales, son las mejores de la Europa y que los famosos poetas españoles deben ser celebrados pero no reprendidos /
_cdalo al público Don Francisco Mariano Nipho...
260 _aEn Madrid :
_ben la imprenta de D. Gabriel Ramirez :
_bse hallará en la Librería de Francisco Fernández ...,
_c1764.
300 _a104 p. ;
_c15 cm.
510 4 _aAguilar Piñal,
_cVI-488
530 _aDisponible en formato digital.
597 _aSign. :A-F8, G4.
650 4 _aTeatro clásico-
_xHistoria y crítica.
_9162227
852 _aES-MaACL
_jR-3190
_x.- Olim: T-1354-F-1
856 _uhttp://bdh-rd.bne.es/viewer.vm?id=0000048328&page=1
_zBiblioteca Digital Hispánica
999 _c160698
_d160698